Normal view MARC view
  • Shaheen, Muhammad Pervaish

Entry Personal Name

Number of records used in: 5

001 - CONTROL NUMBER

  • control field: 5293

003 - CONTROL NUMBER IDENTIFIER

  • control field: NUST

005 - DATE AND TIME OF LATEST TRANSACTION

  • control field: 20171006105836.0

008 - FIXED-LENGTH DATA ELEMENTS

  • fixed length control field: 171006|| aca||aabn | a|a d

040 ## - CATALOGING SOURCE

  • Original cataloging agency: NUST
  • Transcribing agency: NUST

100 ## - HEADING--PERSONAL NAME

  • Personal name: Shaheen, Muhammad Pervaish

670 ## - SOURCE DATA FOUND

  • Source citation: Work cat.: (NUST): Shaheen, Muhammad Pervaish, Wadi e Chitral:, 2007
© 2023 Central Library, National University of Sciences and Technology. All Rights Reserved.